| 000 | 00894nam a22002177a 4500 | ||
|---|---|---|---|
| 999 |
_c5497 _d5497 |
||
| 003 | AR-CdUCM | ||
| 008 | 190312b ||||| |||| 00| 0 spa d | ||
| 040 |
_aMUNICIPALIDAD PROVINCIAL DEL CUSCO _cBIBLIOTECA MUNICIPAL DEL CUSCO |
||
| 082 |
_a396.4 / _bCH94 |
||
| 100 |
_aCentro de estudios rurales andino "Bartolomé de las casas" _916490 |
||
| 245 |
_aLa mujer y la Organizacion : _bDomitila de Chungara / |
||
| 260 |
_aBolivia ; _bCentro las Casas , |
||
| 300 |
_a58 páginas ; _c21 cm. |
||
| 505 | _aContenido : Quien es Domitila de Chungara -- La problematica de la mujer -- El Comitéde Amas de Casa de Siglo XX -- Cómo debemos luchar las mujeres trabajadoras -- Palabras finales a la mujer Campesina... | ||
| 650 |
_aFeminismo _94003 |
||
| 650 |
_aGenero _91111 |
||
| 650 |
_aMujeres en la lucha _916491 |
||
| 650 |
_aIgualdad de Derecho _916492 |
||
| 942 |
_2ddc _cLIBROS |
||
| 945 | _artm | ||